000 01528cam a2200337 a 4500
999 _c10408
_d10408
003 OSt
005 20220316140317.0
008 100628s2010 ctua b 001 0 eng
010 _a 2010027339
020 _a9780300166187
020 _a0300166184
035 _a(OCoLC)ocn648096330
040 _aDLC
_cDLC
_dDLC
043 _ae-uk---
082 0 0 _a720.941/09045
_222
245 0 0 _aNeo-avant-garde and postmodern :
_bpostwar architecture in Britain and beyond /
_cedited by Mark Crinson and Claire Zimmerman.
260 _aNew Haven, CT :
_bYale Center for British Art ;
_aLondon :
_bPaul Mellon Centre for Studies in British Art ;
_aNew Haven, CT :
_bDistributed by Yale University Press,
_cc2010.
300 _axi, 420 p. :
_bill. (some col.) ;
_c27 cm.
490 1 _aStudies in British art ;
_v21
504 _aIncludes bibliographical references and index.
650 0 _aArchitecture
_zGreat Britain
_xHistory
_y20th century
_xThemes, motives.
650 0 _aArchitecture, Modern
_y20th century
_xThemes, motives.
700 1 _aCrinson, Mark.
700 1 _aZimmerman, Claire,
_d1961-
830 0 _aStudies in British art ;
_v21.
856 4 2 _3Contributor biographical information
_uhttp://www.loc.gov/catdir/enhancements/fy1106/2010027339-b.html
856 4 2 _3Publisher description
_uhttp://www.loc.gov/catdir/enhancements/fy1106/2010027339-d.html
906 _a7
_bcbc
_corignew
_d1
_eecip
_f20
_gy-gencatlg
942 _2ddc